| 000 | 00603nam a2200193 a 4500 | ||
|---|---|---|---|
| 001 | 1474 | ||
| 003 | CDMR | ||
| 005 | 20130715112047.0 | ||
| 008 | 130130s1979||||||||||||||||||||||||||||d | ||
| 020 | _a8436801172 (o.c.) | ||
| 040 |
_aCDMR _bcat _cCDMR |
||
| 100 | 1 |
_aGutiérrez Espada, Luis _91121 |
|
| 245 | 1 | 0 | _aHistoria de los medios audiovisuales |
| 260 |
_aMadrid _c1979-1982 _bPirámide |
||
| 300 | _a3 v. | ||
| 505 | _aConté: 1.- (1838-1926) ; 2.- (desde 1926) : cine y fotografía ; 3.- (desde 1926) : radio y televisión | ||
| 650 | 0 | 4 |
_93092 _aIndústria audiovisual _xHistòria |
| 942 |
_cMON _2udc |
||
| 999 |
_c1474 _d1474 |
||